00561nam a22001817a 450000500170000001000150001702000240003202000180005603500140007403700130008808200120010124501080011326000450022127000610026630000260032760000060035370000200035920230705124954.0 aENG-137272 a0198069456c1150.00 a9780198069454 aEN-120804 bDBAD/PUB a338.954 aThe Indian Economy Problems and Prospects: cEdit by Sulabha BrahmebSelected writings of D.R. Gadgil/  aNew Delhic2011bOxford University Press aYMCA Library Building, Jai Singh RoadbNew Delhie110001 axliv, 433pgc25cm(hb) d  aBrahme, Sulabha